Les derniers vainqueurs français sur le tour de France - Statistiques

Statistiques générales
  • Ce quiz a été pris 90 fois
    32 depuis la dernière actualisation
  • Le résultat moyen est 15 sur 20
Statistiques - réponses
Année Étape Lieu d'Arrivée Vainqueur % Correct
2021 1re Landerneau Julian Alaphilippe
100%
2024 1re Rimini Romain Bardet
100%
2019 14e Barèges Thibaut Pinot
100%
2025 16e Mont Ventoux Valentin Paret Peintre
92%
2024 2e Bologne Kévin Vauquelin
85%
2012 16e Bagnères-de-Luchon Thomas Voeckler
85%
2017 18e Izoard Warren Barguil
85%
2022 19e Cahors Christophe Laporte
81%
2012 11e Les Sybelles Pierre Rolland
81%
2015 8e Mûr-de-Bretagne Alexis Vuillermoz
77%
2024 9e Troyes Anthony Turgis
77%
2023 2e Saint-Sébastien Victor Lafay
77%
2017 4e Vittel Arnaud Démare
73%
2017 8e Les Rousses Lilian Calmejane
69%
2013 18e L'Alpe d'Huez Christophe Riblon
65%
2020 8e Loudenvielle Nans Peters
54%
2014 11e Oyonnax Tony Gallopin
54%
2010 9e Saint-Jean-de-Maurienne Sandy Casar
38%
2012 15e Pau Pierrick Fédrigo
35%
2014 8e La Mauselaine Blel Kadri
31%
Aucun quiz correspondant
Distribution des résultats
% des personnes avec chaque résultat
Percentile par nombre de réponses
Votre historique - résultats
Vous n’avez pas pris ce quiz depuis la dernière actualisation